000 00743nam a2200217Ia 4500
008 101110s9999 xx 000 0 und d
041 _aENGLISH
082 _bSR33224
100 _aBhatia S.K.,Adhikary M. (forword by)
245 _aContemporary industrial psychology; emerging concepts and practices for new workplace
260 _c2010
_bDeep and Deep Publications, New delhi
300 _a499
365 _b480
520 _aPsychology
546 _aENGLISH
630 _aContemporary industrial psychology; emerging concepts and practices for new workplace
650 _aPsychology
655 _aPsychology
730 _aContemporary industrial psychology; emerging concepts and practices for new workplace
942 _cBOOK
999 _c825725
_d825722